| 000 | 00849cam a2200229 4500 | ||
|---|---|---|---|
| 001 | WB4023-05 | ||
| 008 | 040615n2004 000 0 eng u | ||
| 035 | _a(Sirsi) u126479 | ||
| 245 | _aM25 occupiers move | ||
| 260 | _c2004 | ||
| 490 |
_aEstates Gazette _v(0424) 12 June 2004, 34(10 |
||
| 520 | _aCompanies are taking advantage of low rental levels in the Thames Valley/M25 market by moving. A number of companies such asPricewaterhouseCoopers and Anadarko are considering relocating within the area. In 2000, prime Thames Valley rents were near to £40 per sq ft but are now down to about £20 per sq ft. | ||
| 590 | _aWB | ||
| 590 | _aWB | ||
| 650 | _aTHAMES VALLEY | ||
| 650 | _aM25 OFFICE MARKET | ||
| 650 | _aOFFICES | ||
| 650 | _aRENTAL VALUES | ||
| 650 | _aRELOCATION | ||
| 690 | _aCOMMERCIAL PROPERTY-MARKET | ||
| 942 | _n0 | ||
| 999 |
_c117517 _d117517 |
||